[Event "Chinese-Russian Summit 2018"]
[Site "Qinhuangdao"]
[Date "2018.05.27"]
[Round "1"]
[White "Matlakov, Maxim"]
[Black "Li, Chao b"]
[Result "1/2-1/2"]
[WhiteElo "2704"]
[BlackElo "2724"]
[Annotator "TA"]
[PlyCount "32"]
[EventDate "2018.??.??"]
[EventCountry "CHN"]
[SourceTitle "playchess.com"]
[Source "ChessBase"]
[SourceQuality "1"]

{[%evp 13,32,18,19,29,35,10,30,0,6,12,-7,0,-3,-6,0,-1,41,17,37,25,10]} 1. e4 e5 2. Nf3 Nf6 3. d4 Nxe4 4. dxe5 d5 5. Nbd2 Nc5 6. Be2 {C43: Russische Verteidigung (Petrow)} Be7 7. O-O O-O {LiveBook: 3 Partien} 8. Re1 {Die Stellung ist ausgeglichen.} Nc6 9. Nb3 $146 ({Vorgänger:} 9. Nf1 f6 10. exf6 Bxf6 11. Ng3 Qd6 12. c3 Be6 13. Ng5 Bd7 {½-½ (27) Harikrishna,P (2766)-Wei,Y (2706) Wijk aan Zee 2017}) 9... Re8 10. Bb5 Bg4 {[%cal Bc8g4,Bg4h5,Bh5g6][%mdl 32]} 11. h3 Bh5 12. Nxc5 Bxc5 13. g4 Bg6 14. Bg5 Be7 15. Bf4 a6 16. Bd3 Qd7 1/2-1/2

[Event "Chinese-Russian Summit 2018"]
[Site "Qinhuangdao"]
[Date "2018.05.27"]
[Round "1"]
[White "Zhou, Jianchao"]
[Black "Sarana, Alexey"]
[Result "0-1"]
[WhiteElo "2624"]
[BlackElo "2587"]
[Annotator "TA"]
[PlyCount "84"]
[EventDate "2018.??.??"]
[EventCountry "CHN"]
[SourceTitle "playchess.com"]
[Source "ChessBase"]
[SourceQuality "1"]

{[%evp 9,84,-18,-15,-19,-17,-22,2,7,20,-4,-20,-10,-23,-23,23,24,89,78,61,11,31,29,15,28,22,29,25,30,50,52,80,17,158,120,121,82,83,85,81,81,91,96,79,45,45,33,35,42,50,31,54,0,0,-287,-303,-1504,-1358,-5791,-5214,-1787,-812,-745,-729,-4132,-1864,-1575,-578,-843,-827,-806,-804,-803,-783,-737,-715,-587,-561]} 1. Nf3 d5 2. c4 d4 3. b4 c5 4. b5 (4. g3 cxb4 5. a3 b3 6. d3 Nc6 7. Nbd2 e5 8. Bg2 Nf6 9. Nxb3 Be7 10. O-O O-O 11. Bg5 Rb8 12. Ne1 Bd7 13. Nc2 {½-½ (38) Adhiban,B (2655)-Anand,V (2767) Wijk aan Zee 2018}) 4... Nd7 5. g3 e5 6. d3 {A09: Réti Opening: 1 Nf3 d5 2 c4} Bd6 7. Bg2 f5 $146 ({Predecessor:} 7... Ngf6 8. O-O O-O 9. a4 Re8 10. e4 dxe3 11. Bxe3 Nf8 {1-0 (47) Bocharov,D (2593)-Sarana,A (2455) Khanty-Mansiysk 2016}) 8. O-O {The position is equal.} Ne7 9. e4 f4 $1 10. gxf4 exf4 11. e5 Nxe5 12. Nxe5 Bxe5 13. Qh5+ Ng6 14. Re1 O-O $1 {And now ...f3! would win.} 15. Rxe5 Nxe5 16. Qxe5 {Black must now prevent Qd5+.} f3 17. Bf1 $1 Rf5 18. Qg3 Bd7 19. h4 $36 {[%mdl 2048] White fights for an advantage.} a6 20. Bg5 (20. Nd2 $1 $16) 20... Qb6 (20... Qb8 $11 {keeps the balance.}) 21. Nd2 $1 $16 axb5 22. Bh3 Rf7 23. Bxd7 Rxd7 24. Nxf3 bxc4 {aiming for ...c3.} 25. Ne5 Rd5 26. dxc4 Rd6 $1 27. Re1 h6 28. Bf4 Re6 29. Kh2 Rxa2 30. Nd7 (30. Rg1 $1 $14 Re7 31. Ng6) 30... Qc6 $11 31. Bxh6 $2 {[%mdl 8192]} (31. Rxe6 $11 {and White stays safe.} Qxe6 32. Nxc5) 31... Qd6 $19 ({Wrong is} 31... Rxh6 $2 32. Qb8+ Kh7 33. Nf8+ Kh8 34. Ne6+ Kh7 35. Ng5+ Kg6 36. Re6+ Qxe6 37. Nxe6 $18) 32. Re5 $2 (32. Qxd6 Rxd6 33. Nxc5 Rxh6 34. Kg3) 32... Rxh6 {Black is clearly winning.} 33. Nxc5 {[#]} Rxf2+ $1 {[%mdl 512]} 34. Kh3 (34. Qxf2 Qxe5+) 34... Rf8 (34... Qf6 $142 35. Ne4 {[#]} Rxh4+ $1 {[%mdl 512]} 36. Qxh4 Rh2+ $1 {[%mdl 512]} 37. Kxh2 Qxh4+ 38. Kg2 Qf4 39. Nf6+ Qxf6) 35. Ne4 Qd7+ 36. Kg2 Qf7 (36... Ra6 $142 37. Ng5 d3) 37. Kh2 Qf3 (37... Ra6 $142 38. Nd2 Qf2+ 39. Qxf2 Rxf2+ 40. Kg3 Rxd2) 38. Re7 {[%csl Ge7][%cal Rg3g7]} Qxg3+ 39. Kxg3 Rg6+ 40. Ng5 Rd8 41. Rxb7 d3 {Hoping for ...d2.} 42. Rb1 Rc6 {Precision: White = 60%, Black = 55%.} 0-1

[Event "Chinese-Russian Summit 2018"]
[Site "Qinhuangdao"]
[Date "2018.05.27"]
[Round "1"]
[White "Esipenko, Andrey"]
[Black "Lu, Shanglei"]
[Result "1/2-1/2"]
[WhiteElo "2587"]
[BlackElo "2643"]
[Annotator "TA"]
[PlyCount "73"]
[EventDate "2018.??.??"]
[EventCountry "CHN"]
[SourceTitle "playchess.com"]
[Source "ChessBase"]
[SourceQuality "1"]

{[%evp 9,73,0,12,0,0,0,12,0,8,9,22,0,19,0,26,24,25,27,27,28,45,45,41,31,45,39,43,45,44,0,0,0,0,0,0,0,0,0,0,0,0,0,0,0,0,0,0,0,0,0,0,0,0,0,0,0,0,0,0,0,0,0,0,0,0,0]} 1. d4 Nf6 2. c4 e6 3. Nf3 d5 4. Nc3 dxc4 5. e4 Bb4 6. Bxc4 {D24: Queen's Gambit Accepted: 3 Nf3 Nf6 4 Nc3} (6. Bg5 h6 7. Bxf6 Qxf6 8. Bxc4 c5 9. O-O cxd4 10. e5 Qd8 11. Ne4 O-O 12. Qe2 Be7 13. Rad1 Qc7 14. Bd3 Nd7 15. Rc1 Qa5 16. g4 Nxe5 17. Nxe5 Qxe5 {0-1 (37) Aronian,L (2794)-Caruana,F (2784) Berlin 2018}) 6... Nxe4 7. O-O Nxc3 8. bxc3 Be7 9. Ne5 O-O 10. Qg4 Nc6 11. Re1 f5 (11... Nxe5 {keeps more tension.} 12. dxe5 Kh8 13. Rd1 Qe8 14. Bd3 Rb8) 12. Qf3 Nxe5 13. Rxe5 Kh8 {[#]} 14. Bf4 $146 Bd6 15. Re3 Bxf4 16. Qxf4 Rf6 17. Rae1 Qd6 18. Qxd6 cxd6 19. h4 {[%cal Rc4e6]} h6 {The position is equal.} 20. Bxe6 {[#] aiming for Bd5.} f4 21. Re4 {Hoping for Bd5.} Bxe6 22. Rxe6 Rxe6 23. Rxe6 $11 {[%mdl 4096] Endgame KR-KR} Rc8 24. Rxd6 Rxc3 25. Rd7 Rc1+ 26. Kh2 Rc2 27. f3 Rxa2 28. Rxb7 Rd2 29. Rxa7 Rxd4 30. Ra2 Kg8 31. Kh3 h5 32. Ra5 g6 33. Ra7 Kf8 34. Kh2 Rb4 35. Kg1 Rb1+ 36. Kh2 Rb4 37. Kg1 {Precision: White = 76%, Black = 73%.} 1/2-1/2

[Event "Chinese-Russian Summit 2018"]
[Site "Qinhuangdao"]
[Date "2018.05.27"]
[Round "1"]
[White "Wen, Yang"]
[Black "Sjugirov, Sanan"]
[Result "1/2-1/2"]
[WhiteElo "2581"]
[BlackElo "2663"]
[Annotator "TA"]
[PlyCount "67"]
[EventDate "2018.??.??"]
[EventCountry "CHN"]
[SourceTitle "playchess.com"]
[Source "ChessBase"]
[SourceQuality "1"]

{[%evp 15,67,15,16,15,16,14,17,17,17,17,57,16,10,10,22,0,0,0,0,0,0,0,0,0,13,6,9,5,17,7,37,27,48,60,44,32,47,46,32,37,68,60,56,66,52,25,27,29,63,21,26,16,32,0]} 1. e4 c5 2. Nf3 d6 3. d4 cxd4 4. Nxd4 Nf6 5. Nc3 a6 6. g3 e5 7. Nde2 Be7 8. Bg2 b5 9. Nd5 {B91: Sicilian Najdorf: 6 g3} Nbd7 10. Nec3 Nb6 11. Nxe7 {The position is equal.} Qxe7 12. Bg5 O-O 13. O-O h6 14. Bxf6 Qxf6 15. a4 b4 16. Nd5 Nxd5 17. Qxd5 {[#]} Be6 $146 18. Qxd6 a5 19. Qb6 Rfb8 20. Qe3 Rc8 21. Rfc1 Qe7 22. Bf1 Bc4 23. c3 Bxf1 24. Kxf1 bxc3 25. Rxc3 Qb4 26. Rb3 Qc4+ $1 27. Qd3 Qxd3+ 28. Rxd3 $14 {[%mdl 4096] Endgame KRR-KRR} Rc4 29. b3 Rxe4 30. Re1 Rxe1+ 31. Kxe1 f6 32. Rd5 Kf7 33. Rb5 Ke6 34. Ke2 {Precision: White = 67%, Black = 68%.} 1/2-1/2

[Event "Chinese-Russian Summit 2018"]
[Site "Qinhuangdao"]
[Date "2018.05.27"]
[Round "1"]
[White "Bai, Jinshi"]
[Black "Alekseenko, Kirill"]
[Result "1/2-1/2"]
[WhiteElo "2579"]
[BlackElo "2625"]
[Annotator "TA"]
[PlyCount "28"]
[EventDate "2018.??.??"]
[EventCountry "CHN"]
[SourceTitle "playchess.com"]
[Source "ChessBase"]
[SourceQuality "1"]

{[%evp 20,28,16,9,8,11,15,20,65,63,59]} 1. d4 Nf6 2. c4 g6 3. Nc3 d5 4. cxd5 Nxd5 5. g3 Bg7 6. Bg2 Nxc3 7. bxc3 c5 8. Nf3 O-O 9. O-O Nd7 {[%cal Bb8d7,Bd7b6,Bb6a4][%mdl 32]} 10. Rb1 Qa5 {A16: English Opening: 1...Nf6 with ...d5} (10... Nb6 11. Qc2 cxd4 12. Nxd4 e5 13. Nb5 Bf5 14. e4 Be6 15. Rd1 {½-½ (15) Jakovenko,D (2725)-Riazantsev,A (2674) Poikovsky 2010}) 11. Qb3 {LiveBook: 3 Games} Nb6 12. Qa3 Qxa3 13. Bxa3 Na4 $146 ({Predecessor:} 13... cxd4 14. cxd4 Be6 15. Bxe7 Rfe8 16. Bc5 Bxa2 17. Rb2 Bd5 18. Bxb6 axb6 {1-0 (49) Belous,V (2573)-Laylo,D (2471) Olongapo City 2015}) 14. Rfc1 Rb8 1/2-1/2

[Event "Chinese-Russian Summit 2018"]
[Site "Qinhuangdao"]
[Date "2018.05.27"]
[Round "1"]
[White "Shen, Yang"]
[Black "Gunina, Valentina"]
[Result "1/2-1/2"]
[WhiteElo "2468"]
[BlackElo "2526"]
[Annotator "TA"]
[PlyCount "100"]
[EventDate "2018.??.??"]
[EventCountry "CHN"]
[SourceTitle "playchess.com"]
[Source "ChessBase"]
[SourceQuality "1"]

{[%evp 9,100,22,32,0,3,0,0,0,0,0,0,0,0,0,0,-27,-28,-27,-12,-13,-14,-16,-15,-16,-17,-18,-24,-27,-23,-23,-23,-23,-23,-23,-23,-23,-23,-23,-23,-23,-23,-25,-28,-41,-41,-41,-41,-44,-44,-44,-44,-44,-44,-44,-44,-49,-49,-49,-49,-49,-44,-49,-44,-64,-63,-71,-71,-71,-71,-71,-71,-72,-72,-72,-72,-72,-71,-71,-14,-14,-14,-14,-14,-14,-14,-14,-10,-10,-10,-10,-10,-10,-10]} 1. d4 Nf6 2. Nf3 e6 3. c4 d5 4. Nc3 c5 5. cxd5 Nxd5 6. a3 {D41: Queen's Gambit Declined: Semi-Tarrasch with 5 cxd5} (6. e4 {is interesting.} Nxc3 7. bxc3 cxd4 8. cxd4 Bb4+ 9. Bd2) (6. e4 Nxc3 7. bxc3 cxd4 8. cxd4 Bb4+ 9. Bd2 Bxd2+ 10. Qxd2 O-O 11. Bc4 Nd7 12. O-O b6 13. Rad1 Bb7 14. Rfe1 Rc8 15. Bb3 Re8 16. h3 Nf6 17. Qf4 Nh5 18. Qe5 Nf6 19. Qf4 Nh5 20. Qh2 h6 21. d5 exd5 22. exd5 Rxe1+ 23. Nxe1 {½-½ (57) So,W (2799)-Kramnik,V (2800) Berlin 2018}) 6... cxd4 7. Nxd5 Qxd5 8. Qxd4 Qxd4 9. Nxd4 Bd7 10. e4 Nc6 11. Be3 $146 ({Predecessor:} 11. Nb5 Rc8 12. Be3 a6 {½-½ (12) Teich,U-Ziegler,A Germany 1986}) 11... Bc5 12. Nxc6 Bxe3 13. Ne5 Bd4 14. Nxd7 Kxd7 15. O-O-O Rac8+ 16. Kb1 e5 17. Be2 {[#] Threatens to win with Bg4+.} Ke7 18. f4 Rc6 19. fxe5 Bxe5 20. Rd5 f6 21. Rhd1 {[#] And now Rd7+ would win.} Rd6 22. h3 Rxd5 23. Rxd5 $11 {[%mdl 4096] Endgame KRB-KRB} Rc8 24. Bg4 Rc7 25. Rd2 Kf7 26. Rc2 Re7 27. Rc8 Kg6 28. Bf5+ Kh6 29. Rd8 g6 30. Rd7 Rxd7 31. Bxd7 $15 {KB-KB} Kg5 32. Be6 Kh4 33. Bg4 $1 Kg3 34. Bf3 $1 Kf2 35. Kc2 Ke3 36. a4 a5 37. b3 b6 38. Kd1 Kd3 39. Ke1 Bg3+ 40. Kf1 Ke3 41. Be2 Kxe4 42. Bc4 f5 43. Ke2 Be5 (43... g5 $17) 44. Bg8 $1 $11 {The position is equal.} h6 45. Bh7 $1 g5 46. g4 Kf4 47. Bxf5 Kg3 48. Be6 Kxh3 49. Kf3 Bc3 50. Bf7 Kh4 {Precision: White = 77%, Black = 86%.} 1/2-1/2

[Event "Chinese-Russian Summit 2018"]
[Site "Qinhuangdao"]
[Date "2018.05.27"]
[Round "1"]
[White "Girya, Olga"]
[Black "Xiao, Yiyi"]
[Result "1-0"]
[WhiteElo "2465"]
[BlackElo "2345"]
[Annotator "TA"]
[PlyCount "53"]
[EventDate "2018.??.??"]
[EventCountry "CHN"]
[SourceTitle "playchess.com"]
[Source "ChessBase"]
[SourceQuality "1"]

{[%evp 18,53,77,58,95,85,97,86,97,67,104,112,118,96,195,-109,87,-293,55,-344,-349,-325,82,79,81,78,85,90,78,90,147,118,649,629,579,557,748,739]} 1. d4 Nf6 2. c4 e6 3. Nf3 b6 4. a3 Bb7 5. Nc3 Be7 6. d5 d6 7. e4 O-O 8. Be2 e5 9. O-O {E12: Queen's Indian: Unusual White 4th moves, 4 a3, 4 Nc3 Bb7 5 a3 and 4 Nc3 Bb7} Nbd7 (9... c6 10. Be3 Nbd7 11. Nd2 Rc8 12. Rc1 Qc7 13. b4 Qb8 14. Qb3 a6 15. dxc6 Bxc6 16. Nd5 Nxd5 17. cxd5 {½-½ (42) Barbosa,O (2518)-Vaibhav,S (2552) chess.com INT 2017}) 10. b4 {LiveBook: 10 Games} g6 11. Bh6 {White is better.} Re8 12. Nd2 $146 ({Predecessor:} 12. Ne1 Bf8 13. Be3 Qe7 14. Nd3 Ba6 15. Qb3 Bg7 16. f3 Nh5 {1-0 (27) Johansson,G (2225)-Bahner,J (2000) Berlin 2012}) 12... Kh8 13. Nb3 Ng8 14. Be3 a5 15. c5 bxc5 (15... dxc5 $16 16. bxc5 bxc5) 16. Na4 $2 {[#]} ({Not} 16. bxa5 f5 $14) (16. Nxa5 $18 Qc8 17. Nxb7 cxb4 18. axb4 Qxb7 19. Bb5 Rxa1 20. Qxa1) 16... f5 $2 (16... axb4 $17 {stays on course.} 17. axb4 cxb4) 17. Nbxc5 $2 {[%mdl 8192]} (17. Nxa5 $16 {and life is bright.} Ba6 18. Nc6 Bxe2 19. Qxe2) 17... Nxc5 $2 (17... dxc5 $19 18. bxc5 f4) 18. Nxc5 $4 {[%mdl 8192]} (18. bxc5 $14 {was the only good move.} fxe4 19. c6) 18... dxc5 $19 19. bxc5 Bxc5 $2 (19... fxe4 $19 20. Bb5 Rf8) 20. Bxc5 $16 Nf6 21. Bb5 Rg8 {[#]} 22. f3 $1 fxe4 23. Qc2 exf3 (23... Bxd5 $142 24. fxe4 Rb8) 24. Rxf3 Nxd5 $2 {[%mdl 8192]} (24... Nd7 $16) 25. Qb2 $18 {White is clearly winning.} Nf6 26. Qxe5 Bxf3 27. Be7 {Precision: White = 30%, Black =  7%.} 1-0

[Event "Chinese-Russian Summit 2018"]
[Site "Qinhuangdao"]
[Date "2018.05.27"]
[Round "1"]
[White "Pogonina, Natalija"]
[Black "Ni, Shiqun"]
[Result "1-0"]
[WhiteElo "2457"]
[BlackElo "2444"]
[Annotator "TA"]
[PlyCount "113"]
[EventDate "2018.??.??"]
[EventCountry "CHN"]
[SourceTitle "playchess.com"]
[Source "ChessBase"]
[SourceQuality "1"]

{[%evp 22,113,28,28,32,29,29,31,34,38,40,28,37,34,40,35,43,39,35,0,33,35,40,29,19,17,41,27,32,31,37,0,30,15,20,31,50,43,63,57,66,39,86,37,59,43,39,46,50,40,40,46,45,37,48,41,57,61,55,62,93,93,93,93,103,103,103,83,110,130,169,156,197,187,543,553,728,723,601,670,672,651,588,685,745,850,766,604,647,644,562,513,422,142]} 1. d4 Nf6 2. c4 e6 3. Nf3 d5 4. g3 Be7 5. Bg2 O-O 6. O-O dxc4 7. Qc2 a6 8. a4 Bd7 9. Qxc4 Bc6 10. Bf4 Bd6 {E05: Open Catalan: 5 Nf3 Be7} 11. Qc1 Bxf4 12. Qxf4 {LiveBook: 10 Games} Nd5 $146 {White has an edge.} ({Predecessor:} 12... Qd6 13. Qc1 Bd5 14. Nc3 Nc6 15. e3 Nb4 16. Qb1 Qe7 17. a5 c5 18. Nxd5 Nfxd5 {0-1 (37) Eljanov,P (2755)-Aronian,L (2780) Wijk aan Zee 2017}) 13. Qd2 Nd7 14. a5 f5 15. Na3 Qe7 16. Nc4 N5f6 17. Rac1 Rac8 18. Qe3 Rfe8 19. Qa3 Qxa3 20. Nxa3 (20. bxa3 {feels hotter.} Ne4 21. Rfe1 Bb5 22. e3 c5 23. Nfe5) 20... Be4 21. Nc4 Kf8 22. Rc3 Ke7 23. Rfc1 c6 24. Nfd2 Bxg2 25. Kxg2 Red8 26. e3 Rb8 27. Nf3 Nd5 28. Rb3 Nc7 29. h3 Nf6 30. Nce5 Nb5 31. g4 g6 32. Ne1 (32. g5 {looks sharper.} Ne4 33. Nd3 Rbc8 34. Rb4 Rd5 35. h4) 32... Nd7 33. Nxd7 Rxd7 34. Nd3 Kd6 35. g5 Rh8 36. h4 Rg7 37. Rb4 h6 38. Nf4 hxg5 39. hxg5 Rh4 40. Rg1 Rg4+ 41. Kf1 Rxg1+ 42. Kxg1 $16 {[%mdl 4096] Endgame KRN-KRN} e5 43. dxe5+ Kxe5 44. Nd3+ Ke6 45. Rh4 Nd6 {[#]} 46. f3 $1 Nf7 47. Nc5+ Kd5 $2 {[#]} (47... Kd6 {is more resistant.} 48. Nxb7+ Ke7) 48. b4 $1 $18 {White threatens Rd4+ and mate.White is clearly winning.} Kd6 49. Rd4+ Ke7 50. Rd7+ Ke8 51. Rxb7 Rh7 52. Nxa6 Nxg5 53. Rxh7 Nxh7 54. Nb8 {Hoping for a6.} Kd8 55. Nxc6+ Kc7 56. Na7 Nf6 57. Kf2 $2 {Precision: White = 72%, Black = 38%.} (57. Nb5+ $18 {is more deadly.} Kb7 58. Nc3) 1-0

[Event "Chinese-Russian Summit 2018"]
[Site "Qinhuangdao"]
[Date "2018.05.27"]
[Round "1"]
[White "Shuvalova, Polina"]
[Black "Huang, Qian"]
[Result "1/2-1/2"]
[WhiteElo "2416"]
[BlackElo "2439"]
[Annotator "TA"]
[PlyCount "44"]
[EventDate "2018.??.??"]
[EventCountry "CHN"]
[SourceTitle "playchess.com"]
[Source "ChessBase"]
[SourceQuality "1"]

{[%evp 9,44,-4,-3,-2,10,0,0,0,0,0,3,-2,-7,-6,-17,-35,-36,-30,-29,-23,-17,-20,0,-34,6,0,0,3,8,8,14,12,6,0,0,0,14]} 1. d4 Nf6 2. c4 d6 3. Nc3 e5 4. g3 exd4 5. Qxd4 Nc6 {LiveBook: 45 Games} 6. Qd1 {A53: Old Indian Defence without Nf3} g6 7. Bg2 Bg7 8. Nf3 O-O 9. O-O Bf5 10. Bf4 $146 ({Predecessor:} 10. Nd5 Be4 11. Bg5 Re8 12. Qd2 Ne5 13. Nxe5 Rxe5 {½-½ (37) Kuzubov,Y (2578)-Kislinsky,A (2501) Zvenigorod 2008}) 10... Re8 11. Rc1 Ne4 12. Nxe4 Bxe4 13. Qd2 Qf6 14. b3 Qb2 15. Rfd1 b6 16. Bf1 Bxf3 17. exf3 {The position is equal.} Qxd2 18. Bxd2 Nd4 19. Kg2 Ne2 20. Rc2 {Black must now prevent Be3.} Nd4 21. Rcc1 Ne2 22. Rc2 {And now Be3 would win.} Nd4 {Precision: White = 72%, Black = 82%.} 1/2-1/2

[Event "Chinese-Russian Summit 2018"]
[Site "Qinhuangdao"]
[Date "2018.05.27"]
[Round "1"]
[White "Zhai, Mo"]
[Black "Goryachkina, Aleksandra"]
[Result "0-1"]
[WhiteElo "2304"]
[BlackElo "2496"]
[Annotator "TA"]
[PlyCount "86"]
[EventDate "2018.??.??"]
[EventCountry "CHN"]
[SourceTitle "playchess.com"]
[Source "ChessBase"]
[SourceQuality "1"]

{[%evp 19,86,31,36,27,50,39,48,44,43,41,41,16,22,12,6,18,16,18,36,-8,52,49,54,44,45,44,56,64,62,23,111,25,76,35,141,29,14,16,24,16,80,80,86,79,83,0,0,-128,-127,-121,-31,-93,-106,-234,-215,-282,-284,-250,-262,-641,-635,-597,-570,-545,-527,-1017,-998,-935,-911]} 1. d4 d5 2. c4 c6 3. cxd5 cxd5 4. Bf4 Nc6 5. e3 Nf6 6. Nc3 a6 7. Be2 Bf5 8. Nf3 e6 9. Qb3 {D13: Slav Defence: Exchange variation without ...Bf5} Ra7 10. O-O Be7 {LiveBook: 7 Games} 11. h3 {White is slightly better.} O-O 12. Rfc1 Nd7 13. Na4 {[#]} h6 $146 ({Predecessor:} 13... Bg6 14. Qd1 f6 15. a3 Re8 16. Bg3 Bf8 {½-½ (48) Berczes,D (2495)-McShane,L (2674) Las Vegas 2015}) 14. Bg3 Bg6 15. Ne1 Na5 16. Qd1 {[#] Strongly threatening Bc7.} b5 17. Nc3 $1 Nc4 18. b3 Nd6 19. Bd3 Nf5 (19... Ne4 $11) 20. Bh2 $14 Ba3 21. Rc2 Ra8 22. Ne2 Nf6 23. Nf3 Ne7 24. Ne5 Bd6 (24... Bxd3 $11 25. Nxd3 (25. Qxd3 Qa5 $11) 25... Nf5) 25. Qd2 ({Better is} 25. Bxg6 $16 {Hoping for Bd3.} Nxg6 26. Nxg6 Bxh2+ 27. Kxh2 fxg6 28. Nf4) 25... a5 (25... Bxd3 $11 26. Nxd3 (26. Qxd3 Qa5 $11) 26... Bxh2+ 27. Kxh2 Ne4) 26. Nc3 Bb4 ({Black should try} 26... Bxd3 $14 27. Qxd3 b4) 27. a3 (27. Nxg6 $16 Nxg6 28. Qe2) 27... Bxd3 $11 28. Qxd3 Bxc3 29. Rxc3 Ne4 (29... b4 $1 $11 30. Nc6 Nxc6 31. Rxc6 bxa3) 30. Nc6 $16 Nxc6 31. Rxc6 b4 32. axb4 (32. f3 $16 Nf6 33. a4) 32... axb4 $11 33. Rf1 (33. Rca6 $11 {remains equal.} Rxa6 34. Qxa6) 33... Ra2 $17 34. Rc2 Ra3 (34... Rxc2 $17 35. Qxc2 Qa5) 35. Rc6 {[#]} (35. Bc7 $15 Qd7 36. Bb6) 35... Qa8 $1 {[%cal Ra8c6]} 36. Rcc1 (36. Rb6 $17) 36... Ra2 37. Rc2 Rc8 38. Rxc8+ Qxc8 39. f3 $2 (39. Be5) 39... Nd2 $19 {Black is clearly winning.} 40. Rd1 Qc3 41. Qe2 Rc2 42. Bd6 Nc4 43. Bxb4 Qb2 {Precision: White = 35%, Black = 54%.} ({Weaker is} 43... Rxe2 44. Bxc3 Nxe3 45. Re1 $11) 0-1

[Event "Chinese-Russian Summit 2018"]
[Site "Qinhuangdao"]
[Date "2018.05.28"]
[Round "2"]
[White "Sjugirov, Sanan"]
[Black "Li, Chao b"]
[Result "1/2-1/2"]
[WhiteElo "2663"]
[BlackElo "2724"]
[Annotator "TA"]
[PlyCount "46"]
[EventDate "2018.??.??"]
[EventCountry "CHN"]
[SourceTitle "playchess.com"]
[Source "ChessBase"]
[SourceQuality "1"]

{[%evp 23,46,17,37,11,14,0,15,12,16,5,13,0,13,8,6,-7,16,16,16,14,20,14,36,0,0]} 1. e4 c6 2. d4 d5 3. Nc3 dxe4 4. Nxe4 Nf6 5. Nxf6+ exf6 6. c3 Bd6 7. Bd3 O-O 8. Ne2 Re8 9. Qc2 h6 10. O-O Qc7 {B15: Caro-Kann: 3 Nc3: 3...g6 and 3...dxe4 4 Nxe4 Nf6 5 Nxf6+ exf6} 11. Ng3 Nd7 12. Be3 (12. Bd2 Nf8 13. Rfe1 Be6 14. c4 Rad8 15. Bc3 h5 16. b3 h4 17. Nf1 Bc8 18. Rxe8 Rxe8 {1-0 (53) Mekhitarian,K (2545)-Leitao,R (2619) Foz do Iguacu 2018}) 12... Nf8 {LiveBook: 5 Games} 13. Rae1 Be6 14. Qd2 $146 ({Predecessor:} 14. b3 c5 15. dxc5 Bxc5 16. Bxc5 Qxc5 17. Be4 Re7 18. c4 {1-0 (51) Ress,J (2114)-Khan,V (2131) LSS email 2013}) 14... Bxg3 15. hxg3 Bxa2 16. c4 {[#] Hoping for Ra1.} b5 $1 17. cxb5 {With the idea Rc1.} Bd5 18. Rc1 Qb7 19. Qa5 Red8 20. bxc6 Bxc6 21. Ba6 Qd7 22. Rfd1 {d5! is the strong threat.} Bd5 23. b4 Qg4 {Precision: White = 50%, Black = 68%.} 1/2-1/2

[Event "Chinese-Russian Summit 2018"]
[Site "Qinhuangdao"]
[Date "2018.05.28"]
[Round "2"]
[White "Lu, Shanglei"]
[Black "Matlakov, Maxim"]
[Result "1-0"]
[WhiteElo "2643"]
[BlackElo "2704"]
[Annotator "TA"]
[PlyCount "10"]
[EventDate "2018.??.??"]
[EventCountry "CHN"]
[SourceTitle "playchess.com"]
[Source "ChessBase"]
[SourceQuality "1"]

{[%evp 9,10,-48,-31]} 1. e4 e5 2. Nh3 (2. Nf3 Nc6 3. Nc3 Nf6 4. Bb5 Nd4 5. Nxd4 exd4 6. e5 dxc3 7. exf6 Qxf6 8. Qe2+ Qe7 9. dxc3 Qxe2+ 10. Kxe2 Bc5 11. Be3 Bxe3 12. Kxe3 c6 13. Bd3 d5 14. Rae1 Ke7 15. c4 dxc4 16. Bxc4 Rd8 17. Rd1 Be6 18. Bxe6 Kxe6 {½-½ (27) Carlsen,M (2843)-Ding,L (2778) Shamkir 2018}) 2... Nc6 3. Bb5 $146 ({Vorgänger:} 3. Bc4 Nf6 4. Ng5 d5 5. exd5 Na5 6. d3 h6 7. d6 hxg5 8. Bxg5 Nxc4 9. dxc4 Qxd6 10. Qe2 Be6 11. Nc3 Be7 12. Nb5 Qc5 13. b3 a6 14. Nc3 {0-1 (40) Pedersen,H (1360)-Thompson,G (1717) ICCF email 2013}) 3... a6 4. Ba4 Nf6 5. d3 Bc5 {[%mdl 32768] Loss on Time!?} 1-0

[Event "Chinese-Russian Summit 2018"]
[Site "Qinhuangdao"]
[Date "2018.05.28"]
[Round "2"]
[White "Alekseenko, Kirill"]
[Black "Zhou, Jianchao"]
[Result "*"]
[WhiteElo "2625"]
[BlackElo "2624"]
[Annotator "TA"]
[PlyCount "18"]
[EventDate "2018.??.??"]
[EventCountry "CHN"]
[SourceTitle "playchess.com"]
[Source "ChessBase"]
[SourceQuality "1"]

{[%evp 9,18,-479,-25,-496,-41,-572,-352,-519,-237,-583,-245]} 1. e4 c5 {[%cal Bc7c5,Bc5d4][%mdl 32]} 2. Nf3 d6 3. d4 cxd4 4. Nh4 $146 ({Predecessor:} 4. Nxd4 Nf6 5. Nc3 Nc6 6. Bg5 e6 7. Qd2 a6 8. O-O-O Bd7 9. f3 Nxd4 10. Qxd4 Be7 11. Kb1 b5 12. Bxf6 gxf6 13. Ne2 Rc8 14. Qd2 Qb6 15. Nf4 h5 16. g3 Rc7 17. Bd3 Kd8 18. c3 {½-½ (41) Anand,V (2776)-Carlsen,M (2843) Karlsruhe/Baden-Baden 2018}) 4... Nf6 5. Nc3 a6 $2 {[#]} (5... dxc3 $19 6. Bd3 Na6 7. bxc3 Nc5) 6. h3 $2 {[%mdl 8192] B53: Sicilian: 2...d6: Lines with Qxd4} (6. Qxd4 $11 {and White has nothing to worry.} g6 7. Be2) 6... e6 $2 ({Black should play} 6... dxc3 $19 7. Bd3 cxb2 8. Bxb2 Qa5+ 9. Qd2 Qxd2+ 10. Kxd2 g6) 7. g4 $2 {[%mdl 8192]} (7. Qxd4 $15 Nc6 8. Qd1) 7... Nfd7 8. Bg2 (8. Qxd4 $142 Nc6 9. Qd1 Qxh4 10. Bf4) 8... Be7 (8... dxc3 $142 9. Nf3 Nc5) 9. g5 $2 {[#]} (9. Qxd4 Bxh4 10. Qxg7) 9... Nc6 {Precision: White =  0%, Black = 14%.} (9... dxc3 $142 10. bxc3 Bxg5) *